From Nuremberg to Hollywood : (Record no. 2332)

MARC details
000 -LEADER
fixed length control field 01131nam a2200277 a 4500
003 - CONTROL NUMBER IDENTIFIER
control field BD-DhJNU
005 - DATE AND TIME OF LATEST TRANSACTION
control field 20251104035654.0
008 - FIXED-LENGTH DATA ELEMENTS--GENERAL INFORMATION
fixed length control field 160219t20162016enk b 001 0 eng d
020 ## - INTERNATIONAL STANDARD BOOK NUMBER
International Standard Book Number 0853038740
Qualifying information (hardback)
020 ## - INTERNATIONAL STANDARD BOOK NUMBER
Canceled/invalid ISBN 9780853038665 (ebook)
040 ## - CATALOGING SOURCE
Original cataloging agency BD-DhJNU
Language of cataloging ENG
Transcribing agency BD-DhJNU
Modifying agency BD-DhJNU
082 04 - DEWEY DECIMAL CLASSIFICATION NUMBER
Classification number 791.436 JOF
Edition number 23
100 1# - MAIN ENTRY--PERSONAL NAME
Personal name Jordan, James
245 10 - TITLE STATEMENT
Title From Nuremberg to Hollywood :
Remainder of title the Holocaust and the courtroom in American fictive film /
Statement of responsibility, etc. James Jordan.
246 30 - VARYING FORM OF TITLE
Title proper/short title Holocaust and the courtroom in American fictive film
264 #1 - PRODUCTION, PUBLICATION, DISTRIBUTION, MANUFACTURE, AND COPYRIGHT NOTICE
Place of production, publication, distribution, manufacture London ;
-- Portland, OR :
Name of producer, publisher, distributor, manufacturer Vallentine Mitchell,
Date of production, publication, distribution, manufacture, or copyright notice 2016.
300 ## - PHYSICAL DESCRIPTION
Extent 245 pages ;
Dimensions 24 cm.
504 ## - BIBLIOGRAPHY, ETC. NOTE
Bibliography, etc. note Includes bibliographical references (pages 211-229) and index.
600 10 - SUBJECT ADDED ENTRY--PERSONAL NAME
Personal name Eichmann, Adolf,
Dates associated with a name 1906-1962
General subdivision Trials, litigation, etc.
600 10 - SUBJECT ADDED ENTRY--PERSONAL NAME
Personal name Eichmann, Adolf,
Dates associated with a name 1906-1962
General subdivision In motion pictures.
650 #0 - SUBJECT ADDED ENTRY--TOPICAL TERM
Topical term or geographic name entry element Trials in motion pictures.
650 #0 - SUBJECT ADDED ENTRY--TOPICAL TERM
Topical term or geographic name entry element Holocaust, Jewish (1939-1945), in motion pictures.
650 #0 - SUBJECT ADDED ENTRY--TOPICAL TERM
Topical term or geographic name entry element Historical films
Geographic subdivision United States
General subdivision History and criticism.
650 #0 - SUBJECT ADDED ENTRY--TOPICAL TERM
Topical term or geographic name entry element Nuremberg War Crime Trials, Nuremberg, Germany, 1946-1949.
942 ## - ADDED ENTRY ELEMENTS (KOHA)
Koha item type Books
Holdings
Withdrawn status Lost status Source of classification or shelving scheme Damaged status Not for loan Collection Home library Current library Shelving location Date acquired Source of acquisition Total checkouts Full call number Barcode Date last seen Copy number Price effective from Koha item type
    Dewey Decimal Classification     Non-fiction Jagannath University Central Library Jagannath University Central Library General stacks 11/04/2025 Purchased   791.436 JOF JNUCL36001 11/04/2025 1 11/04/2025 Books
    Dewey Decimal Classification     Non-fiction Jagannath University Central Library Jagannath University Central Library General stacks 11/04/2025 Purchased   791.436 JOF JNUCL36002 11/04/2025 2 11/04/2025 Books